Ovládanie modelu vrtulníka pomocou pohybového senzora Leap Motion

Saved in:
Bibliographic Details
Main Author: Tudíková, Silvia (Author)
Other Authors: Hagara, Miroslav (Thesis advisor)
Format: Manuscript Book
Language:Slovak
Published: 2016
Subjects:
Online Access:http://is.stuba.sk/zp/portal_zp.pl?podrobnosti=128262
Tags: Add Tag
No Tags, Be the first to tag this record!

MARC

LEADER 00000ntm a22000003a 4500
001 stuzp55624
003 SK-STU
005 20160719154806.9
007 ta
008 150427s2015----xo-----f-mn---000-0-slo-d
040 |a STU  |b slo 
041 0 |a slo 
044 |a xo 
100 1 |a Tudíková, Silvia  |u 033000  |4 aut  |U FEI Fakulta elektrotechniky a informatiky  |T FEI Ústav elektroniky a fotoniky  |X 72755  |U E030  |Y 549  |7 72755 
242 0 1 |a CONTROL OF THE MODEL OF A HELICOPTER BY THE MOTION SENSOR LEAP MOTION  |y eng 
245 1 0 |a Ovládanie modelu vrtulníka pomocou pohybového senzora Leap Motion 
260 |c 2016 
300 |a 39 s.,   |b CD-ROM 
650 4 |a Arduino  |2 slo 
650 4 |a Leap Motion  |2 slo 
650 4 |a vrtuľník  |2 slo 
650 4 |a Arduino  |2 eng 
650 4 |a helicopter  |2 eng 
650 4 |a Leap Motion  |2 eng 
700 1 |a Hagara, Miroslav  |u 033000  |k Z1  |4 ths  |U FEI Fakulta elektrotechniky a informatiky  |T FEI Ústav elektroniky a fotoniky  |X 1914  |U E030  |Y 549  |7 A000001914 
856 4 |u http://is.stuba.sk/zp/portal_zp.pl?podrobnosti=128262 
996 |b 284ER02016  |c E*Bc- 2016  |l EE33  |s P  |a 0  |w stuzp55624_0001 
SQL |a stuzp55624  |b DBP  |c SLO  |d Ovládanie modelu vrtulníka pomocou pohybového senzora Leap Motion  |e 72755  |f Tudíková, Silvia  |g 033000  |h 1914  |i Hagara, Miroslav  |j 20160707  |k 75  |l 03  |m http://is.stuba.sk/zp/portal_zp.pl?podrobnosti=128262  |n B-ELN  |o 5.2.13. elektronika